LEADER 01736nam 2200493 450 001 9910136648603321 010 $a1-119-32460-2 010 $a1-119-32362-2 010 $a1-119-32458-0 035 $a(CKB)3710000000887134 035 $a(MiAaPQ)EBC4698011 035 $a(EXLCZ)993710000000887134 100 $a20160825h20162016 uy| 0 101 0 $aeng 135 $aurcnu|||||||| 181 $2rdacontent 182 $2rdamedia 183 $2rdacarrier 200 00$aAdvances in materials science for environmental and energy technologies V /$fedited by Tatsuki Ohji [and five others] 210 1$aHoboken, New Jersey :$cJohn Wiley & Sons, Incorporated,$d[2016] 210 4$dİ2016 215 $a1 online resource (257 pages) $cillustrations 225 1 $aCeramic transactions,$x1042-1122 ;$vvolume 260 311 $a1-119-32361-4 320 $aIncludes bibliographical references and index. 410 0$aCeramic transactions ;$vv. 260. 606 $aEnvironmental engineering$xMaterials$vCongresses 606 $aRenewable energy sources$xMaterials$vCongresses 606 $aRadioactive waste disposal$xMaterials$vCongresses 606 $aGreen products$xMaterials$vCongresses 608 $aElectronic books. 615 0$aEnvironmental engineering$xMaterials 615 0$aRenewable energy sources$xMaterials 615 0$aRadioactive waste disposal$xMaterials 615 0$aGreen products$xMaterials 676 $a628.028/4 702 $aOhji$b T$g(Tatsuki), 801 0$bMiAaPQ 801 1$bMiAaPQ 801 2$bMiAaPQ 906 $aBOOK 912 $a9910136648603321 996 $aAdvances in materials science for environmental and energy technologies V$91983699 997 $aUNINA LEADER 01837nam 2200397 n 450 001 996390560903316 005 20200824120848.0 035 $a(CKB)4940000000103025 035 $a(EEBO)2240875666 035 $a(UnM)99844806e 035 $a(UnM)99844806 035 $a(EXLCZ)994940000000103025 100 $a19910910d1584 uy | 101 0 $aeng 135 $aurbn||||a|bb| 200 10$aPasquine in a traunce$b[electronic resource] $ea Christian and learned dialogue, (containing wonderfulll [sic] and most strange newes, out of heauen, purgatorie and hell). Wherein besydes Christes truth plainely set foorth, ye shall also finde a number of pleasant hystories, discouering all the craftie conueyances of Antichrist. VVhereunto are added certaine questions then put foorth by Pasquine, to haue bene disputed in the Councell of Trent. Turned but lately out of the Italian into this tongue, by W.P. Seene and allowed according to the order appointed in the Queenes Maiesties iniunctions 210 $aImprinted at London $cBy Thomas Este$d1584 215 $a[4], 84, 87-88 leaves 300 $aA translation of: Curione, Celio Secondo. Pasquillus ecstaticus. 300 $aW.P. = William Page. 300 $aTranslation sometimes attributed to William Painter and to William Phiston. 300 $aReproduction of the original in the Henry E. Huntington Library and Art Gallery. 330 $aeebo-0113 700 $aCurione$b Celio Secondo$f1503-1569.$0480714 701 $aPage$b William$ffl. 1566.$01014667 702 $aPainter$b William$f1540?-1594, 702 $aPhiston$b William 801 0$bCu-RivES 801 1$bCu-RivES 801 2$bUk-ES 801 2$bCStRLIN 801 2$bWaOLN 906 $aBOOK 912 $a996390560903316 996 $aPasquine in a traunce$92365554 997 $aUNISA